000 00449nam a2200157Ia 4500
008 220216s9999 xx 000 0 und d
100 _aWang M L
_cet al
245 0 _aComparative RFLP-based genetic maps of barley chromosome 5 (IH) and rye chromosome IR
260 _bTheoretical and applied genetics
_c1992
300 _ap339-44
650 _aBarley
650 _aGenetic mapping
650 _aRFLP
650 _aStorage proteins
942 _cJS
999 _c55947
_d55947